An introduction to "The child's conception of geometry" /

Bibliographic Details
Main Author: Holloway, G. E. T.
Other Authors: Piaget, Jean, 1896-1980
Format: Book
Language:English
Published: London : Routledge & K. Paul; National Froebel Foundation, 1967.
Series:Further aspects of Piaget's work ; no. 1.
Subjects:

MARC

Tag First Indicator Second Indicator Subfields
LEADER 00000cam a2200000 4500
001 in00000281179
005 20151010071444.0
008 740522s1967 enka 00010 eng d
010 |a  67102380  
015 |a B67-14541 
035 |a (OCoLC)00892622 
035 |9 ABE7456AM 
040 |c TOL  |d MCL  |d TXA  |d UtOrBLW 
049 |a TXAM  |c [915474] 
090 |a BF721  |b .F83 no.1 
100 1 |a Holloway, G. E. T. 
245 1 3 |a An introduction to "The child's conception of geometry" /  |c [by] G. E. T. Holloway. 
264 1 |a London :  |b Routledge & K. Paul; National Froebel Foundation,  |c 1967. 
300 |a x, 71 pages :  |b diagrams ;  |c 19 cm. 
336 |a text  |b txt  |2 rdacontent 
337 |a unmediated  |b n  |2 rdamedia 
338 |a volume  |b nc  |2 rdacarrier 
490 1 |a Further aspects of Piaget's work ;  |v no. 1 
650 0 |a Conservation of space (Psychology) 
650 2 |a Psychology, Child. 
650 2 |a Mathematics. 
700 1 |a Piaget, Jean,  |d 1896-1980.  |t Géométrie spontanée de l'enfant.  |l English. 
830 0 |a Further aspects of Piaget's work ;  |v no. 1. 
999 |a MARS 
999 f f |s 8186e0b6-8637-3954-8ede-315ecc9d520a  |i 9504e7b5-bf1e-391e-933f-937bc50c41a8  |t 0 
952 f f |p normal  |a Texas A&M University  |b College Station  |c Sterling C. Evans Library  |d Evans: Library Stacks  |t 0  |e BF721 .F83 no.1  |h Library of Congress classification  |i unmediated -- volume  |m A14801698950 
998 f f |a BF721 .F83 no.1  |t 0  |l Evans: Library Stacks